000 00546cam a2200181ua 4500
020 _a81 204 0110 7
_c49.50
041 _aeng
_h
082 _a631.587
_bKHU/IR
100 _aKhushalani, K B .
245 _aIrrigation practice and design diversion and distribution works vol-4 /
_cK B Kushalani.
_hTextual Documents
260 _aNew Delhi :
_bOxford & IBH Publishing company ,
_c1990.
300 _a570 :
_b506 ; .
365 _a49.50
504 _a
700 1 _aKhushalani, Manohar .
942 _cBK
999 _c10535
_d10535